| 000 | 00750cam a2200205 4500 | ||
|---|---|---|---|
| 001 | X104561 | ||
| 008 | 000000n2000 000 0 eng u | ||
| 035 | _a(Sirsi) u104561 | ||
| 245 | _aBurton v Camden LBC | ||
| 260 | _c2000 | ||
| 490 |
_aNew Property Cases _v[2000] 14 NPC 1-3(3) |
||
| 520 | _aHL 17 February 2000. "Assignment" and "deed of release" made to mean the same for the purposes of s 91(1) of the Housing Act 1985. Headnote from journal - no photocopying allowed. | ||
| 650 | _aHOUSING | ||
| 650 | _aLOCAL AUTHORITIES | ||
| 650 | _aHOUSING ACT 1980 | ||
| 650 | _aHOUSING ACT 1985 | ||
| 650 | _aBURTON V CAMDEN LBC | ||
| 690 | _aPROPERTY-RESIDENTIAL PROPERTY-RESIDENTIAL LANDLORD AND TENANT-RESIDENTIAL TENANCIES | ||
| 942 | _n0 | ||
| 999 |
_c62745 _d62745 |
||